|
|
|
|
| LEADER |
00000nab a2200000 ar4500 |
| 001 |
vtls009175779 |
| 003 |
SK-MaSNL |
| 005 |
20260318124152.0 |
| 008 |
080118c20080112xo |||||||| 000 b|hun |
| 015 |
|
|
|a SNBRB2008/01
|2 snkbucl
|
| 038 |
|
|
|a SNKBUCL
|
| 040 |
|
|
|a DSZK
|b slo
|c DSZK
|e AACR2
|
| 041 |
0 |
|
|a hun
|
| 044 |
|
|
|a xo
|c SK
|
| 080 |
|
|
|a 323.22/.28
|x (624)
|2 1997
|
| 100 |
1 |
|
|a Gálik, Ivett,
|d 1975-
|4 aut
|9 889251
|
| 245 |
1 |
0 |
|a A hatalmas Szudán hatalmas káosza
|b a szudáni kisember nap nap után felteszi magának a kérdést ...
|c Gálik Ivett
|
| 300 |
|
|
|b Fotogr.
|
| 500 |
|
|
|a Autorka žije od roku 2006 v Sudáne
|
| 650 |
0 |
7 |
|a vnútorná politika
|z Sudán
|2 snkbucl
|9 1354376
|
| 650 |
0 |
7 |
|a vnútropolitický vývoj
|z Sudán
|2 snkbucl
|9 1354377
|
| 651 |
|
7 |
|a Sudán
|2 snkbucl
|9 17274
|
| 773 |
0 |
|
|t Új szó
|g Évf. 61, sz. 10 (12.1.2008), o. 12-13
|x 1335-7050
|
| 773 |
0 |
8 |
|i Mell.:
|t Szalon
|g Évf. 2, sz. 2 (2008)
|
| 852 |
|
|
|a SNK
|b KIS3GCP
|
| 852 |
|
|
|a DSZK
|b KIS3GCP
|
| 958 |
|
|
|a HU
|
| 958 |
|
|
|a SD
|
| 958 |
|
|
|a SK
|
| 999 |
|
|
|c 2750413
|d 2752343
|